Teams That Have Beaten Penn State in the James Franklin Era - Statistics

General Stats
  • This quiz has been taken 98 times
    38 since last reset
  • The average score is 40 of 45
Answer Stats
Date Postseason Home/Away Penn State's Ranking Opponent's Ranking Score Answer % Correct
10/11/14 Away Unranked Unranked 18-13 Michigan
100%
11/21/15 Home Unranked 14 28-16 Michigan
100%
9/24/16 Away Unranked 4 49-10 Michigan
100%
11/3/18 Away 14 5 42-7 Michigan
100%
11/13/21 Home Unranked 6 21-17 Michigan
100%
10/15/22 Away 10 5 41-17 Michigan
100%
11/11/23 Home 10 3 24-15 Michigan
100%
10/25/14 Home Unranked 13 31-24 2OT Ohio State
100%
10/17/15 Away Unranked 1 38-10 Ohio State
100%
10/28/17 Away 2 6 39-38 Ohio State
100%
9/29/18 Home 9 4 27-26 Ohio State
100%
11/23/19 Away 8 2 28-17 Ohio State
100%
10/31/20 Home 18 3 38-25 Ohio State
100%
10/30/21 Away 20 5 33-24 Ohio State
100%
10/29/22 Home 13 2 44-31 Ohio State
100%
10/21/23 Away 7 3 20-12 Ohio State
100%
11/2/24 Home 3 4 20-13 Ohio State
100%
12/7/24 Big Ten Championship Neutral Site 3 1 45-37 Oregon
100%
9/27/25 Home 3 6 30-24 2OT Oregon
100%
10/4/25 Away 7 Unranked 42-37 UCLA
100%
9/27/14 Home Unranked Unranked 29-6 Northwestern
96%
11/7/15 Away Unranked Unranked 23-21 Northwestern
96%
10/11/25 Home Unranked Unranked 22-21 Northwestern
96%
10/24/20 Away 8 Unranked 36-35 OT Indiana
92%
1/9/25 Orange Bowl/CFP Semifinals Neutral Site 4 (6 seed) 5 (7 seed) 27-24 Notre Dame
92%
11/21/20 Home Unranked Unranked 41-21 Iowa
88%
10/9/21 Away 4 3 23-20 Iowa
88%
11/29/14 Home Unranked 10 34-10 Michigan State
85%
11/28/15 Away Unranked 6 55-16 Michigan State
85%
11/4/17 Away 7 24 27-24 Michigan State
85%
10/13/18 Home 8 Unranked 21-17 Michigan State
85%
11/27/21 Away Unranked 12 30-27 Michigan State
85%
1/2/16 TaxSlayer Bowl Neutral Site Unranked Unranked 24-17 Georgia
81%
11/22/14 Away Unranked Unranked 16-14 Illinois
81%
10/23/21 Home 7 Unranked 20-18 9OT Illinois
81%
11/14/20 Away Unranked Unranked 30-23 Nebraska
81%
1/2/17 Rose Bowl Neutral Site 5 9 52-49 USC
81%
12/30/23 Peach Bowl Neutral Site 10 11 38-25 Ole Miss
77%
11/1/14 Home Unranked Unranked 20-19 Maryland
73%
11/7/20 Home Unranked Unranked 35-19 Maryland
73%
11/9/19 Away 4 17 31-26 Minnesota
73%
1/1/22 Outback Bowl Neutral Site Unranked 21 24-10 Arkansas
69%
1/1/19 Citrus Bowl Neutral Field 12 14 27-24 Kentucky
65%
9/10/16 Away Unranked Unranked 42-39 Pittsburgh
65%
9/5/15 Away Unranked Unranked 27-10 Temple
46%
No matching quizzes found
Score Distribution
Percent of People with Each Score
Percentile by Number Answered
Your Score History
You have not taken this quiz since the last reset